| 000 | 00795nam a22001817a 4500 | ||
|---|---|---|---|
| 005 | 20120418103741.0 | ||
| 020 |
_c250.00 _a8188380350 |
||
| 035 | _aB-200123 | ||
| 037 |
_b _adpl |
||
| 082 | _a303.485 | ||
| 100 |
_aकमल, एम.पी. _945260 |
||
| 245 | 1 |
_aप्रकृतिक महाविनाश लहरें....लावा....भूकम्प / _cएम.पी.कमल |
|
| 260 |
_aनई दिल्ली _bमित्तल बुक एजेन्सी _c2006 |
||
| 270 |
_a _b _e _k |
||
| 300 |
_a216पृ. _c22सेमी (सजिल्द) |
||
| 942 |
_adpl _cHN _k _2ddc _h303.485 _mकमल |
||
| 999 |
_c65162 _d65162 |
||